000 00813nam a2200217Ii 4500
003 JO-AjNU
008 230606s9999||||xx |||||||||||||| ||und||
020 _a978-0-230-00505-1 , 978-0-230-27285-9
040 _aJO-AjNU
_beng
_erda
_cJO-AjNU
041 _aeng
050 1 4 _aPR830.F3.F73 2010
100 3 _aCray, William,
_eauthor
_92454
245 0 0 _aFantasy, Myth and the Measure of Truth: Tales of Pullman, Lewis, Tolkien, MacDonald and Hoffman
250 _a1 ed
264 3 1 _aLondon: PALGRAVE MACMILLAN, 2010
300 _a215P
336 _atext
_btxt
_2rdacontent
337 _aunmediated
_bn
_2rdamedia
338 _avolume
_bnc
_2rdacarrier
650 4 _aFantasy fiction - English - History and Criticism - Literature and myth - Pullman - Philip - Criticism and interpretation - Lewis - Tolkien
_92455
999 _aE1285
_c1285
_d1285